L’Union Européenne - Statistiques

Statistiques générales
  • Ce quiz a été pris 56 fois
    54 depuis la dernière actualisation
  • Le résultat moyen est 24 sur 50
Statistiques - réponses
Hint Réponse % Correct
Avec la Belgique, la France, l'Allemagne de l'Ouest, le Luxembourg et les Pays-Bas, quel sixième pays est un fondateur de cette organisation ? Italie
95%
Combien d'étoiles composent le drapeau européen adopté en 1955 ? 12
89%
En quelle année l'euro est mis en circulation comme monnaie unique dans 12 pays ? 2002
75%
En quelle année est construit le Mur de Berlin ? 1961
73%
Cite moi un pays dont la candidature pour l'UE est reconnue et la procédure d'adhésion est en cours : Albanie/Bosnie-Herzégovine/Géorgie/Macédoine du Nord/Moldavie/Monténégro/Serbie/Turquie/Ukraine
73%
Comment s'appelle le traité fondateur de l'Union européenne remplaçant la CEE signé en 1992 Traité de Maastricht
73%
En quelle année a lieu la chute du mur de Berlin ? 1989
70%
Quel pays n'a pas ratifié le "plan Pleven" en 1954 qui prévoyait la création d'une armée européenne qu'on appelait la Communauté européenne de défense (CED) ? France
70%
Contre quel pays, la France a refusé son adhésion jusqu'en 1969 ? Royaume-Uni
70%
Quel pays quitte officiellement l'UE le 1er janvier 2021 après un référendum en 2016 ? Royaume-Uni
70%
Comment s'appelle les deux traités instituant la Communauté économique européenne (CEE) et la Communauté européenne de l’énergie atomique (Euratom) en 1957 ? Traités de Rome
70%
Dans quelle ville allemande se trouve la Banque centrale européenne créée en 1998 ? Francfort-sur-le-Main
66%
Avec l'Espagne, quel deuxième pays adhère à la CEE et donc à l'UE en 1986 ? Portugal
66%
En quelle année a lieu la réunification allemande qui fait que la RDA intègre la CEE ? 1990
61%
Quel est le dernier pays à avoir rejoint l'UE en 2013 ? Croatie
61%
Comment s'appelait l'organisation de 1952 à 2002 créée par le Traité de Paris qui unifie l'Europe de l'Ouest durant la Guerre froide et pose les bases d'une démocratie européenne et le développement actuel de l'Union européenne ? La Communauté européenne du charbon et de l'acier
61%
Quel grand écrivain français du XIXème siècle évoqué déjà l'idée des États-Unis d'Europe en 1849 ? Victor Hugo
61%
Qui est actuellement présidente de la Commission européenne depuis 2019 ? Ursula von der Leyen
57%
En quelle année survient le premier pic de la crise financière grecque dans l'UE ? 2010
55%
Avec le Royaume-Uni et l'Irlande, quel troisième pays adhère à la CEE et donc à l'UE en 1973 ? Danemark
55%
Quel pays rejoint la CEE et donc l'UE en 1981 ? Grèce
55%
Comment s'appelle l'hymne officiel de l'Union Européenne adopté en 1972 ? Ode à la joie
55%
Qui est Ministre des Affaires Etrangères en France durant la création de cette organisation ? Robert Schuman
55%
Avec la Roumanie, quel deuxième pays rejoint l'UE en 2007 ? Bulgarie
52%
Quel mer a une organisation intergouvernementale rassemblant quarante-deux pays dont ceux de l'UE créée en 2008 ? Mer Méditerranée
52%
En quelle année a commencé la "crise de la chaise vide" où la France boycotte les institutions communautaires pendant sept mois refusant la modification du principe de l'unanimité dans la prise de décision au profit de la règle majoritaire ? 1965
50%
Comment s'appelle la chaîne de télévision culturelle européenne diffusée en Allemagne et en France à partir de 1992 ? Arte
48%
Quel nom de ville luxembourgeoise a pris l'accord de libre circulation entré en vigueur en 1995 ? Accord de Schengen
45%
Quelle nom de ville européenne, a pris le nom du traité permettant une meilleure coordination à 27 Etats membres et rénovant l’architecture des institutions entré en vigueur en 2009 ? Traité de Lisbonne
45%
Quel haut-fonctionnaire français considéré comme l'un des « pères de l'Europe » est nommé premier président de la Haute Autorité, ancêtre de la Commission européenne ? Jean Monnet
43%
Quelle nom de ville française a pris le traité qui fixe les principes et les méthodes d'évolution du système institutionnel au fur et à mesure que l'Europe s'élargira entré en vigueur en 2003 ? Traité de Nice
43%
Avec Chypre, la République tchèque, l'Estonie, la Lettonie, la Lituanie, Malte, la Pologne, la Slovaquie et la Slovénie, quel dixième pays a rejoint l'UE en 2004 ? Hongrie
41%
Avec la France, quel autre pays a voté contre le traité établissant une Constitution pour l'Europe en 2005 par référendum ? Pays-Bas
41%
En quelle année est lancé le programme Erasmus ? 1987
36%
Quel nom de ville a pris le compromis mettant fin à la crise institutionnelle en affirmant la nécessité d'une prise de décision à l'unanimité pour les votes importants ? Compromis de Luxembourg
36%
En quelle année le prix Nobel de la paix est décerné à l'UE pour sa « contribution à l'avancement de la paix et de la réconciliation, la démocratie et les droits de l'homme en Europe » ? 2012
34%
En quelle année est ouvert le Tunnel sous la Manche entre la France et l'Angleterre ? 1994
32%
Avec la Suède et la Finlande, quel troisième pays adhère à l'UE en 1995 ? Autriche
32%
Qui est actuellement présidente de la Banque centrale européenne depuis 2019 ? Christine Lagarde
32%
En quelle année est créée l'Agence spatiale européenne (ESA) ? 1975
27%
Comment est appelé communément l'Agence européenne de garde-frontières et de garde-côtes établie en 2016 ? Frontex
27%
Qui est actuellement présidente du Parlement européen depuis 2022 ? Roberta Metsola
25%
En quelle année est mise en service la Carte européenne d'assurance maladie (CEAM) ? 2004
20%
Qui est actuellement président du Conseil européen depuis 2019 ? Charles Michel
18%
Quel nom a-t-on donné au dispositif économique actif de 1972 à 1979 qui limite les fluctuations de taux de change entre les pays membres de la CEE ? Serpent monétaire européen
16%
Quel ancien Premier-Ministre belge est devenu le premier président de l'Assemblée commune, ancêtre du Parlement européen en 1952 ? Paul-Henri Spaak
14%
Comment s'appelle le système de positionnement par satellites voulant concurrencer le GPS qui est partiellement opérationnel depuis fin 2016 ? Galileo
9%
Quelle a été la première ville à avoir été désignée Capitale européenne de la culture durant l'année 1985 ? Athènes
7%
Quel nom de ville africaine porte l'accord de coopération commerciale signé le 28 février 1975 entre la CEE et 46 pays d'Afrique, des Caraïbes et du Pacifique ? Convention de Lomé
5%
Quel nom de ville africaine a pris la convention qui, valable pour cinq ans, confirme l'association Europe-Afrique sur la base d'une liberté des échanges commerciaux et d'une aide financière des Six en 1963 ? Convention de Yaoundé
5%
Aucun quiz correspondant
Distribution des résultats
% des personnes avec chaque résultat
Percentile par nombre de réponses
Votre historique - résultats
Vous n’avez pas pris ce quiz depuis la dernière actualisation